| 000 | 01247nam a2200361 i 4500 | ||
|---|---|---|---|
| 001 | 32320 | ||
| 003 | KOSZ 005 | ||
| 005 | 20220916093106.0 | ||
| 008 | 981010s1997 pl f f |000 0 pol d | ||
| 020 | _a8387038105 | ||
| 040 |
_cKOSZ 005 _aKOSZ005 _dKOSZ 005/HR |
||
| 046 | _k1997 | ||
| 080 | _a657.47 | ||
| 080 | _a658.14/.17 | ||
| 080 | _a(076) | ||
| 245 | 1 | 0 |
_aRachunek kosztów : _bzadania i przykłady : praca zbiorowa / _cpod red. Edwarda Nowaka. |
| 260 |
_aWrocław : _b"Ekspert", _c1997. |
||
| 300 |
_a172 s. : _bwykr. ; _c24 cm. |
||
| 336 |
_2rdacontent _aTekst _btxt |
||
| 337 |
_2rdamedia _aBez urządzenia pośredniczącego _bn |
||
| 338 |
_2rdacarrier _aWolumin _bnc |
||
| 380 | _aKsiążki | ||
| 388 | _a1901-2000 | ||
| 388 | _a1989-2000 | ||
| 650 | 4 | _aRachunek kosztów | |
| 650 | 4 | _aRachunkowość przemysłowa | |
| 655 | 4 | _aĆwiczenia i zadania | |
| 658 | _aGospodarka, ekonomia, finanse | ||
| 700 | 1 |
_aNowak, Edward _d(1951- ) _eRedakcja |
|
| 710 | 2 |
_a Ekspert Wydawnictwo i Doradztwo z Zakresu Rachunkowości i Finansów, Marian Pałka _4pbl. |
|
| 856 |
_uhttp://koha.tu.koszalin.pl/cgi-bin/koha/opac-detail.pl?biblionumber=32320 _yKatalog online BPK |
||
| 942 |
_cKS _2UKD |
||
| 999 |
_c32320 _d32320 |
||